LEADER 01327nam a2200289 a 4500 001 000000127839 003 CaOOAMICUS 005 20120229115653.0 008 120229s2011 it u000 u ita r 040 $aPUL$bita 082 04$a103 100 1 $aCiliberto, Michele,$d1945-$0(OLS)http://pul/name/52213 245 10$aMichele Ciliberto racconta Giordano Bruno e la filosofia del Rinascimento. 260 $a[s. l.] :$bLa biblioteca di Repubblica,$c2011. 300 $a93 p. ;$c19 cm. 490 1 $aCapire la filosofia.$aLa filosofia raccontata dai filosofi ;$v4 600 14$aBruno, Giordano,$d1548-1600.$0(OLS)http://pul/subject/1390 650 4$aRinascimento$xFilosofia.$0(OLS)http://pul/subject/36884 830 0$aCapire la filosofia.$pLa filosofia raccontata dai filosofi ;$v4.$0(OLS)http://pul/title/161368 850 $aPUL 852 $aPUL$W1$xDP2 Filosofia 3$y112$m103 COLL 7.4$j148086$qDDC 21$B146526$CPULBib$Z2$F146526 $H118573 $82 941 1 $a9 960 $aGiordano Bruno,$d1548-1600$91390 996 $6082$a103$9(OLS)http://pul/classification/621 996 $6245$aMichele Ciliberto racconta Giordano Bruno e la filosofia del Rinascimento$9(OLS)http://pul/title/161537 996 $6260$a[s. l.] :$bLa biblioteca di Repubblica$9(OLS)http://pul/publisher/81902 LEADER 01138nam a2200265 u 4500 001 000000110220 003 CaOOAMICUS 005 20080303095643.0 008 080303s2007 nyu u000 u eng u 020 $a0-415-38038-3 040 $aPUL$bita$dMCT 245 04$aThe Routledge companion to philosophy of religion /$cedited by Chad Meister and Paul Copan. 260 $aNew York, NY :$bRoutledge,$c2007. 300 $axx, 714 p. ;$c25 cm. 500 $aInclude indice. 650 4$aReligione$xStudio e insegnamento.$0(OLS)http://pul/subject/396 650 4$aFilosofia cristiana.$0(OLS)http://pul/subject/972 700 1 $aCopan, Paul.$0(OLS)http://pul/name/67528 700 1 $aMeister, Chad,$d1965-$0(OLS)http://pul/name/67527 850 $aPUL 852 $aPUL$W1$xSL Religione 3$y85$m210 MEICH 1$j126242$qDDC 21$B124968$CPULBib$Z2$F124968 $H106411 $82 941 1 $a9 996 $6020$a0-415-38038-3$9(OLS)http://pul/number/137248 996 $6245$aThe Routledge companion to philosophy of religion$9(OLS)http://pul/title/138587 996 $6260$aNew York, NY :$bRoutledge$9(OLS)http://pul/publisher/78905